000 01925cam a22003495a 4500
001 13711672
005 20090323180855.0
008 040907m20022010enkac |rb 001 0 eng
010 _a 2004351743
015 _aGBA2-X7706
020 _a1856174972
020 _a9781856174978
035 _a(OCoLC)ocm49593948
040 _aUKM
_cUKM
_dC#P
_dDAY
_dEZU
_dDLC
042 _alccopycat
082 0 4 _a620.11
_222
_bASH
100 1 _aAshby, M. F.
_911151
245 1 0 _aMaterials and Design :
_bThe Art and Science of Material Selection in Product Design /
_cMike Ashby and Kara Johnson.
250 _a2nd ed.
260 _aOxford ;
_aBoston :
_bButterworth-Heinemann, 2010
_c2010
300 _avii, 331 p. :
_bill. (some col.), ports. ;
_c25 cm.
504 _aIncludes bibliographical references and index.
505 0 _aFunction and personality -- What influences product design? -- Design and designing -- The stuff... multidimensional materials -- Other stuff... shaping, joining, and surfaces -- Form follows material -- A structure for material selection -- Case studies in materials and design -- New Materials: the potential for innovation -- Conclusions -- A PRACTICAL REFERENCE FOR INSPIRATION: Material profiles -- Shaping profiles -- Joining profiles -- Surface profiles -- APPENDICES: Exercises for the eye and mind -- Select material maps.
650 0 _aMaterials.
_911152
650 0 _aIndustrial design.
_911153
700 1 _aJohnson, Kara.
_911154
856 4 1 _3Table of contents
_uhttp://www.loc.gov/catdir/toc/els051/2004351743.html
856 4 2 _3Publisher description
_uhttp://www.loc.gov/catdir/description/els051/2004351743.html
942 _2ddc
_cBB
999 _c13333
_d13333